000 00665nam a2200229 a 4500
005 20210219152824.0
008 991125n 000 0 eng u
035 _aUPN01000062346
100 _aMcIntosh, Ruth
222 _aJOURNAL OF LEARNING DISABILITIES
245 _aA review of social interventions for students with learning disabilities
300 _a451-458
362 _a1991 24, no. 8
653 0 _aCAPACIDAD INTERPERSONAL
653 0 _aDESARROLLO SOCIAL
653 0 _aEFICACIA DE LA ENSE\197ANZA
653 0 _aPROBLEMAS DE APRENDIZAJE
700 _aVaughn, Sharon
700 _aZaragoza, Nina
904 _aAC
_b000157
905 _aArticulo
999 _c61669
_d61669